000
00256nam a2200121Ia 4500
100
_a
Mehta/V.K/ Mehta/R
650
_a
Electrical
942
_c
BK
245
_a
Basic Electrical Engineering
260
_b
S.Chand and Co.
546
_a
ENGLISH
999
_c
25704
_d
25704